Теория и проектирование широкополосных согласующих цепей: пер. с англ.

Podrobná bibliografie
Hlavní autor: Кайчэнь В. Вай
Další autoři: Хотунцев Ю. Л. (редактор)
Jazyk:ruština
Vydáno: Москва, Связь, 1979
Témata:
Médium: MixedMaterials Kniha
KOHA link:https://koha.lib.tpu.ru/cgi-bin/koha/opac-detail.pl?biblionumber=143912

MARC

LEADER 00000nam0a2200000 4500
001 143912
005 20231031143436.0
035 |a (RuTPU)RU\TPU\book\155973 
090 |a 143912 
100 |a 20080925d1979 km y0rusy50 ca 
101 1 |a rus  |c eng 
102 |a RU 
105 |a a z 001zy 
200 1 |a Теория и проектирование широкополосных согласующих цепей  |e пер. с англ.  |f В. Кайчэнь  |g под ред. Ю. Л. Хотунцева 
210 |a Москва  |c Связь  |d 1979 
215 |a 288 с.  |c ил. 
320 |a Библиогр.: с. 284. 
320 |a Предм. указ.: с. 285. 
610 1 |a широкополосные цепи 
610 1 |a согласующие цепи 
610 1 |a проектирование 
610 1 |a пассивные радиоустройства 
610 1 |a активные радиоустройства 
675 |a 621.37  |v 3 
700 1 |a Кайчэнь  |b В.  |g Вай 
702 1 |a Хотунцев  |b Ю. Л.  |4 340 
801 1 |a RU  |b 63413507  |c 20080925  |g PSBO 
801 2 |a RU  |b 63413507  |c 20160315  |g PSBO 
942 |c BK